Central Library OPAC University of Rajshahi

Lattice theory / (Record no. 52687)

MARC details
000 -LEADER
fixed length control field 00862nam a2200253 a 4500
001 - CONTROL NUMBER
control field 52687
003 - CONTROL NUMBER IDENTIFIER
rucl marc code BD-RjUL
005 - DATE AND TIME OF LATEST TRANSACTION
control field 20211209075838.0
008 - FIXED-LENGTH DATA ELEMENTS--GENERAL INFORMATION
fixed length control field 160925r19841979riu b 001 0 eng d
035 ## - SYSTEM CONTROL NUMBER
System control number (BD-RjUL)52807
040 ## - CATALOGING SOURCE
Original cataloging agency CSJ
Transcribing agency CSJ/m.c/EUX
Language of cataloging eng
Modifying agency BD-RjUL
041 ## - LANGUAGE CODE
Language code of text/sound track or separate title eng
082 ## - DEWEY DECIMAL CLASSIFICATION NUMBER
Edition number 23
Classification number 511.33
Author mark and year BIL 1984
100 1# - MAIN ENTRY--PERSONAL NAME
Personal name Birkhoff, Garrett,
Dates associated with a name 1911-1996
9 (RLIN) 151141
245 10 - TITLE STATEMENT
Title Lattice theory /
Statement of responsibility, etc. by Garrett Birkhoff.
250 ## - EDITION STATEMENT
Edition statement 3rd (new) ed.
260 ## - PUBLICATION, DISTRIBUTION, ETC. (IMPRINT)
Place of publication, distribution, etc. Providence, R.I :
Name of publisher, distributor, etc. American Mathematical Society,
Date of publication, distribution, etc. 1979, [Reprinted 1984]
300 ## - PHYSICAL DESCRIPTION
Pagination vi, 418 p. ;
Size 26 cm.
490 1# - SERIES STATEMENT
Series statement Colloquium publications (American Mathematical Society) ;
Volume/sequential designation vol. 25
504 ## - BIBLIOGRAPHY, ETC. NOTE
Bibliography, etc Includes bibliography & index.
650 #0 - SUBJECT ADDED ENTRY--TOPICAL TERM
Topical term or geographic name as entry element Lattice theory.
9 (RLIN) 151922
830 #0 - SERIES ADDED ENTRY--UNIFORM TITLE
Uniform title Colloquium publications (American Mathematical Society) ;
Volume number/sequential designation vol. 25
942 ## - ADDED ENTRY ELEMENTS (KOHA)
Source of classification or shelving scheme Dewey Decimal Classification
Koha item type Books
Holdings
Lost status Source of classification or shelving scheme Damaged status Not for loan Collection code Permanent Location Current Location Shelving location Date acquired Source of acquisition Cost, normal purchase price Total Checkouts Full call number Date last seen Date checked out Copy number Koha item type
  Dewey Decimal Classification     Non-fiction Central Library, University of Rajshahi Central Library, University of Rajshahi   17/07/1985 Toppan Tulip 46.25 1 511.33 BIL 1984 22/11/2023 22/10/2023 C-2 Books
  Dewey Decimal Classification   Not For Loan Non-fiction Central Library, University of Rajshahi Central Library, University of Rajshahi Reading Room 14/06/2003 RUCL, Photocopy     511.33 BIL 1984 13/08/2017   C-1 Books